[Event "Continental-ch Women America 2017"]
[Site "Villa Martelli"]
[Date "2017.09.05"]
[Round "1.10"]
[White "Coelho, Tatiane Cristina"]
[Black "Zuriel, Marisa"]
[Result "1/2-1/2"]
[WhiteElo "1777"]
[BlackElo "2180"]
[Annotator "TA"]
[PlyCount "107"]
[EventDate "2017.??.??"]
[EventType "swiss"]
[EventCountry "ARG"]
[SourceTitle "playchess.com"]
[Source "ChessBase"]
[SourceQuality "1"]

{[%evp 15,107,-33,-22,-41,-41,-50,-43,-43,-43,-40,-43,-46,-39,-33,-33,-56,-61,-64,-47,-46,-52,-77,-48,-52,-22,-76,-65,-89,-83,-84,-95,-112,-97,-105,-82,-81,-66,-66,-61,-93,-81,-96,-87,-113,-87,-170,-69,-67,-68,-96,-94,-182,-82,-280,-282,-397,-389,-388,-186,-184,507,480,1527,1389,29988,29989,29989,164,143,143,164,92,92,92,90,86,175,183,719,727,717,704,707,0,0,0,564,490,692,710,675,665,571,530]} 1. e4 c5 2. Nc3 a6 3. g3 b5 4. Bg2 Bb7 5. d3 e6 6. f4 d5 7. e5 {B23: Closed Sicilian: Lines without g3} (7. exd5 exd5 8. Nf3 Nf6 9. O-O Be7 10. Nh4 Qd7 11. f5 h6 12. Bf4 Nc6 13. Qd2 O-O-O 14. a3 Rhe8 {0-1 (55) Andriasian,Z (2631)-Zhigalko,S (2664) Martuni 2013}) 7... Nc6 8. Nf3 Nge7 {[%cal Bg8e7,Be7f5,Bf5d4][%mdl 32] LiveBook: 7 Games} 9. Bh3 $146 {The position is equal.} ({Predecessor:} 9. Be3 Nf5 10. Bf2 h5 11. O-O Be7 12. Ne2 d4 13. c3 Qd7 14. Qd2 Rd8 {0-1 (31) Eminov,O (2248)-Bernadskiy,V (2529) Serik 2017}) 9... Nf5 10. g4 Nfd4 11. O-O h5 12. g5 $1 g6 13. Nxd4 Nxd4 14. Be3 Qb6 15. Bxd4 cxd4 16. Ne2 Rc8 17. Rc1 Be7 18. Qe1 a5 {[%cal Ba6a5,Ba5a4][%mdl 32]} 19. Qf2 Bc5 20. Ng3 (20. Bg2 $11 {remains equal.}) 20... Rc7 21. Rce1 Bc8 22. Re2 a4 23. Qf3 Be7 24. Bg2 Qc5 25. h4 Qb4 26. b3 Qa3 27. bxa4 bxa4 28. f5 exf5 29. Qxd5 Qc5 30. Qf3 (30. Qxc5 $17 Bxc5 31. Bd5) 30... Bb7 (30... a3 $19 31. Rb1 Kf8) 31. Qf2 $1 $15 Bd5 32. Bxd5 $1 Qxd5 33. Rfe1 (33. e6 $17 {was worth a try.}) 33... O-O (33... Qe6 $1 $19 {and Black stays clearly on top.} 34. Nf1 O-O) 34. Qf4 $2 (34. e6 $17) 34... Qe6 $19 35. Rg2 (35. Nf1 $142) 35... Rfc8 36. Ree2 Qxa2 (36... Rb7 $142 37. Kh2 Bc5) 37. Nxf5 gxf5 $4 {[%mdl 8192]} (37... Qd5 $1 $19 38. Nxd4 Bc5) 38. g6 $1 $18 {White wants to mate with Qh6.} Rc6 (38... Bf8 $142) 39. gxf7+ Kxf7 40. Qxf5+ Ke8 41. e6 $2 (41. c4 $1 {mates} Qa1+ 42. Kh2 Qa3 43. Rg8+ Bf8 44. Rf2 Kd8 45. Rxf8+ Qxf8 46. Qxf8+ Kc7 47. Qe7+ Kb8 48. Rb2+ Rb6 49. Rxb6+ Ka8 50. Qb7#) 41... Qb1+ {[#]} 42. Kf2 $1 {Intending Rg8+ and mate.} Kd8 {[#] ...Kc7 is the strong threat.} ({Not} 42... Bxh4+ $2 43. Kf3 $18) 43. Qd5+ (43. Qf4 $1 $18 Rd6 44. c4) 43... Kc7 $16 {Hoping for ...Rf8+.} 44. Qd7+ $40 {[%mdl 128] White attacks with force.} Kb8 45. Qxe7 {Strongly threatening Rg7.} Qb6 (45... Qb7 $16 {keeps fighting.} 46. Qxb7+ Kxb7) 46. Kg1 $18 {And now Qf7 would win.} Qb2 $2 (46... Qc7 47. Qa3 Rb6) 47. c4 Qc1+ 48. Kh2 Qf4+ 49. Kh1 $2 ({Only move:} 49. Rg3 $18 R6c7 50. Rb2+ Ka8 51. Qg5 Qxg5 52. Rxg5) 49... Qf1+ $1 $11 50. Kh2 $2 {[%mdl 8192]} (50. Rg1 $11 Qh3+ 51. Rh2 Qf3+ 52. Rhg2 Qh3+ 53. Rh2 Qf3+ 54. Rhg2 Qh3+ 55. Rh2) 50... Qf4+ $18 51. Rg3 {Rb2+ would kill now.White is clearly winning.} R6c7 (51... Qc7 $142 52. Qf7 Rc5 53. Rb2+ Ka7) 52. Rb2+ Ka8 53. Qb4 {White threatens Qa5+ and mate.} Ra7 54. Qb5 {[%mdl 32768] Precision: White = 55%, Black = 43%. . An unexpected result.} 1/2-1/2

[Event "Continental-ch Women America 2017"]
[Site "Villa Martelli"]
[Date "2017.09.05"]
[Round "1.11"]
[White "Vazquez Maccarini, Danitza"]
[Black "Librelato, Ana Julia Goulart"]
[Result "1-0"]
[WhiteElo "2173"]
[BlackElo "1667"]
[Annotator "TA"]
[PlyCount "79"]
[EventDate "2017.??.??"]
[EventType "swiss"]
[EventCountry "ARG"]
[SourceTitle "playchess.com"]
[Source "ChessBase"]
[SourceQuality "1"]

{[%evp 33,79,-2,10,-12,-11,-7,25,11,50,50,92,97,139,123,131,134,179,179,171,182,195,193,193,197,285,295,277,202,283,220,473,460,450,431,468,461,424,302,297,288,387,378,490,484,404,401,1385,1364]} 1. e4 e5 2. Nf3 Nc6 3. Bb5 a6 4. Ba4 Nf6 5. d3 b5 6. Bb3 Be7 7. c3 d6 8. h3 O-O 9. O-O Na5 10. Bc2 c5 11. Re1 Nc6 12. Nbd2 Re8 13. Nf1 h6 14. d4 cxd4 {C90: Closed Ruy Lopez with 7...d6: Early deviations} 15. cxd4 exd4 16. Nxd4 Nxd4 17. Qxd4 Be6 {[#] LiveBook: 9 Games} 18. Bb3 $146 ({Find the theoretical novelty and annotate with similar games:} 18. Ne3 Rc8 19. Bd2 Nh5 20. Bd3 Bf6 21. Qb4 Nf4 22. Bf1 d5 23. exd5 Nxd5 24. Nxd5 Qxd5 25. Bc3 Qg5 26. Qa5 Rc6 27. a4 Bxc3 {½-½ (27) Asrian,K (2646)-Sutovsky,E (2628) Sochi 2006}) 18... Bxb3 19. axb3 Bf8 20. Ng3 Qc7 {[#]} 21. Bxh6 $1 {[%mdl 512]} Qc5 (21... gxh6 22. Qxf6) 22. Be3 Qc6 {[%cal Rf6e4]} 23. Rac1 $36 {[%mdl 2048] White is in control.} Qd7 24. Bg5 Re6 25. Bxf6 Rxf6 26. Nh5 {[%cal Bg3h5,Bh5f4,Bf4d5,Bd5c7,Bc7e6][%mdl 32] aiming for Qxf6!} Rg6 27. Nf4 Rg5 28. Kh2 g6 (28... Qe8 $142 29. Nd5 Qe5+ 30. Qxe5 dxe5) 29. Nd5 $18 Bg7 30. Qe3 Qd8 (30... Rxd5 $142 31. exd5 Bxb2) 31. Nc7 Rc8 $2 {[#]} (31... Bxb2 {keeps fighting.} 32. Rc6 (32. Nxa8 Bxc1 33. Rxc1 Rc5 $18) 32... Rc5 33. Rxc5 dxc5 34. Nxa8 Bd4) 32. Ne6 $1 {[%cal Re6d8][%mdl 512]} fxe6 33. Rxc8 Rxg2+ 34. Kxg2 Qxc8 {[%mdl 4096] Endgame KQR-KQB} 35. Rc1 Qb7 36. Rc2 Kf7 37. f3 Be5 38. Qc1 {And now Rc7+ would win.} Qb6 39. Rc7+ Kf6 (39... Ke8 $142 40. Rc2 Bf6 41. Rc8+ Kd7) 40. h4 {Precision: White = 81%, Black = 18%.} 1-0

[Event "Continental-ch Women America 2017"]
[Site "Villa Martelli"]
[Date "2017.09.05"]
[Round "1.12"]
[White "Bosco, Giuliana"]
[Black "Alboredo, Julia"]
[Result "0-1"]
[WhiteElo "1582"]
[BlackElo "2120"]
[Annotator "TA"]
[PlyCount "76"]
[EventDate "2017.??.??"]
[EventType "swiss"]
[EventCountry "ARG"]
[SourceTitle "playchess.com"]
[Source "ChessBase"]
[SourceQuality "1"]

{[%evp 17,75,-10,-8,-43,-8,-20,-1,-27,16,3,41,6,65,0,75,-4,-11,-20,71,-62,-67,-60,-10,-35,-22,-37,8,-12,0,-24,-29,-59,-65,-83,-18,-6,102,104,221,216,161,105,113,54,293,299,205,-154,-120,-137,-127,-307,-213,-428,-410,-526,-528,-29986,-29987,-29999]} 1. e4 c5 2. Nc3 Nc6 3. g3 d6 4. Bg2 g6 5. d3 Bg7 6. f4 e6 7. Nf3 Nge7 8. O-O O-O 9. Be3 b6 {LiveBook: 392 Games} 10. h3 {B25: Closed Sicilian: 3 g3, lines without early Be3} (10. Bf2 Nd4 11. Nxd4 cxd4 12. Ne2 e5 13. c3 dxc3 14. Nxc3 Bb7 15. d4 exf4 16. gxf4 Rc8 17. Re1 Kh8 18. d5 Qd7 {1-0 (37) Shanava,K (2524)-Georgiev,K (2644) Konya 2017}) 10... d5 11. Bf2 Ba6 12. Re1 {The position is equal.} Qc7 13. e5 $146 ({Predecessor:} 13. Qc1 Rac8 14. g4 Rfd8 15. Bg3 dxe4 16. Nxe4 Qd7 17. Bh4 Kh8 {0-1 (53) Kyrkjebo,H-Thogersen,R Copenhagen 2010}) 13... Rac8 14. g4 Rfe8 (14... f5 $11) 15. h4 (15. a4 $14) 15... Nb8 (15... Rf8 $11) 16. h5 (16. a4 $16) 16... gxh5 $11 17. gxh5 Nf5 {[#]} (17... Kh8 $11 {remains equal.}) 18. Nh2 (18. Bh3 $1 $16) 18... Kh8 $15 19. Bh3 Nh6 20. Bh4 Rg8 {...Bf6+ is the strong threat.} 21. Kh1 $1 Nd7 22. Rg1 b5 {[%cal Bb6b5,Bb5b4][%mdl 32]} 23. Nf3 b4 24. Ne2 d4 $1 25. Ng3 Bb7 (25... f5 $17 {With the idea ...Bb7.} 26. exf6 Bxf6) 26. Ne4 $11 Bxe4 (26... Nf5 $11) 27. dxe4 $16 Nb6 (27... Qc6 $16) 28. b3 $18 Nd7 29. Nd2 (29. Qe2 $18) 29... Qc6 $16 30. Qe2 ({Better is} 30. Qf3 $16) 30... Nf5 $2 ({Black should try} 30... f6 $1 $14) 31. Bxf5 $18 exf5 {[#]} 32. Bg5 $2 ({White has to play} 32. Nc4 $1 $18) 32... f6 $36 {[%mdl 2048] Black is in control.} 33. exf6 Bxf6 34. Kh2 $2 (34. Qg2 $17) 34... h6 35. Bxh6 $2 {[#]} (35. Bxf6+ Qxf6 36. Rg6 Qh4+ 37. Kg1) 35... d3 $1 $19 {[%cal Rd3e2][%mdl 512]} 36. Qxd3 (36. cxd3 Bxa1) 36... Bxa1 37. Rxa1 {intending Bg5.} Qxh6 38. Qxd7 Qxh5# {Precision: White = 15%, Black = 30%.} 0-1

[Event "Continental-ch Women America 2017"]
[Site "Villa Martelli"]
[Date "2017.09.06"]
[Round "2.1"]
[White "Miranda Llanes, Yerisbel"]
[Black "Cori T, Deysi"]
[Result "1-0"]
[WhiteElo "2192"]
[BlackElo "2389"]
[Annotator "TA"]
[PlyCount "69"]
[EventDate "2017.??.??"]
[EventType "swiss"]
[EventCountry "ARG"]
[SourceTitle "playchess.com"]
[Source "ChessBase"]
[SourceQuality "1"]

{[%evp 21,69,0,0,-5,-5,-18,0,0,0,-7,0,-14,0,0,12,12,18,-30,-20,-14,-7,-7,-8,-10,0,0,0,-1,0,-2,0,0,0,0,7,0,15,0,0,0,0,0,0,0,0,0,6195,6195,6195,5622]} 1. d4 Nf6 2. c4 e6 3. Nc3 Bb4 4. e3 c5 5. Nge2 cxd4 6. exd4 d5 7. a3 Be7 8. Nf4 O-O 9. cxd5 Nxd5 10. Nfxd5 exd5 11. Be2 Nc6 {LiveBook: 4 Games} 12. O-O {E42: Nimzo-Indian: Rubinstein: 4...c5 5 Ne2} Be6 13. b4 $146 ({Predecessor:} 13. Be3 Rc8 14. Rc1 Na5 15. Na4 Nc4 16. Bxc4 dxc4 17. Nc3 Bd5 18. Qh5 f5 19. Bf4 Rc6 {1-0 (60) Benitah,Y (2285)-Solozhenkin,E (2510) France 1997}) 13... Rc8 14. Be3 {The position is equal.} Nxb4 15. axb4 {[#] Threatens to win with Qb3.} Rxc3 16. Rxa7 Qb6 17. Qa1 Bxb4 18. Rb1 {Hoping for Ra4.} Bf5 19. Rxb4 (19. Rb2 $5 {[%cal Ra7a4]} Rc2 20. Ra4 Rxb2 21. Qxb2 $11) 19... Qxb4 20. Bd2 Qe7 {[#] aiming for ...Rb3.} 21. Bxc3 Qxe2 22. Rxb7 Re8 23. Ra7 h5 24. Ra8 Bc8 25. h3 Kh7 26. Qc1 Qc4 (26... Qe4 $5 {[%cal Rc8h3]} 27. Qg5 Qg6 $11) 27. Qb1+ g6 28. Qb4 Qd3 29. Qc5 Qb1+ 30. Kh2 Qf5 31. Qc7 h4 32. Bd2 Qxf2 {( -> ...Re2)} 33. Bf4 $1 Rf8 $2 {[%mdl 8192]} (33... Re7 $11 34. Qxe7 Qxf4+ 35. Kh1 Qf1+ 36. Kh2 Qf4+ 37. Kg1 Be6) 34. Rxc8 $18 Kg8 35. Rxf8+ {Precision: White = 74%, Black = 45%.} 1-0

[Event "Continental-ch Women America 2017"]
[Site "Villa Martelli"]
[Date "2017.09.06"]
[Round "2.2"]
[White "Lujan, Carolina"]
[Black "Aliaga Fernandez, Ingrid Y"]
[Result "1-0"]
[WhiteElo "2376"]
[BlackElo "2182"]
[Annotator "TA"]
[PlyCount "123"]
[EventDate "2017.??.??"]
[EventType "swiss"]
[EventCountry "ARG"]
[SourceTitle "playchess.com"]
[Source "ChessBase"]
[SourceQuality "1"]

{[%evp 29,123,0,0,-21,17,8,21,24,30,-2,7,-9,26,15,62,0,38,24,111,97,122,121,109,114,187,132,114,105,218,229,481,473,475,465,542,510,556,85,85,94,87,83,200,201,194,192,180,180,264,284,262,256,234,208,177,103,266,68,120,117,120,125,132,134,127,134,213,195,210,210,205,200,243,239,238,121,977,947,12831,12833,12831,12831,6548,2672,1261,795,12841,12841,12839,12840,12843,12843,12845,12845,12845,12845]} 1. e4 c5 2. Nf3 e6 3. d4 cxd4 4. Nxd4 a6 5. Be2 Nf6 6. Nc3 Qc7 7. O-O d6 8. a4 Nc6 9. Be3 Be7 10. f4 O-O 11. Kh1 Bd7 12. Bf3 Nxd4 13. Qxd4 Bc6 14. a5 {B84: Sicilian Scheveningen: 6 Be2 a6, lines without early Be3} Nd7 15. Qd2 Rac8 {[#] LiveBook: 5 Games} 16. g4 $146 {The position is equal.} ({Predecessor:} 16. Ne2 Nc5 17. Ng3 d5 18. exd5 Bxd5 19. Bxd5 Rfd8 20. b4 Rxd5 21. Qe2 Nd7 22. c4 {½-½ (37) Kamsky,G (2712)-Bruzon Batista,L (2694) Las Vegas 2014}) 16... Rfe8 17. g5 Bf8 18. Bg2 g6 19. Rfd1 Red8 20. h4 Nc5 21. Qf2 (21. b4 $5 {[%cal Rb4c5]} Nd7 22. Ra3 $14) 21... Nd7 22. Rf1 (22. Bd4 $14) 22... Re8 23. Bd4 e5 (23... Bg7 $11 {keeps the balance.}) 24. Bb6 $1 $36 {[%cal Rb6c7][%mdl 2048] Black is under strong pressure.} Nxb6 25. axb6 Qe7 {Black wants to play ...exf4.} 26. f5 $1 Rcd8 (26... gxf5 $16 27. Qxf5 Bd7) 27. Rad1 ({White should play} 27. Qg3 $1 $18) 27... gxf5 28. Qxf5 Bd7 (28... Bg7 $16) 29. Qf3 $18 {And now Nd5 would win.} Be6 $2 (29... Qe6 30. Nd5 Be7) 30. Nd5 Bxd5 31. Rxd5 Rc8 32. c3 Rc5 {[#] and the idea ...Rxd5 leaves Black hopeful.} 33. Qh5 $2 (33. Rxd6 $1 $18 {[%mdl 512]} Rc6 (33... Qxd6 34. Qxf7+) 34. Rxc6 bxc6 35. Bh3) 33... Rxd5 $16 34. exd5 {Black must now prevent Be4.} e4 35. Bh3 Bg7 (35... e3 $16) 36. Bf5 $18 e3 {With the idea ...e2.} 37. Bxh7+ ({Don't do} 37. Qxh7+ $6 Kf8 $14) 37... Kf8 {[#]} 38. Bd3 $1 e2 {[#]} (38... Qd7 $142) 39. Bxe2 $1 {[%mdl 512]} Qe4+ (39... Qxe2 40. Qxf7#) 40. Bf3 Qe3 41. Bg2 {[%csl Gf1][%cal Rh5f7]} Re7 42. g6 (42. Qg4 $18 {Strongly threatening Qc8+.} Be5 43. h5) 42... Qxb6 $2 (42... Qg3 $16 {was called for.}) 43. gxf7 $2 ({Better is} 43. Qf5 $18 {White threatens Qc8+ and mate.} Qb5 44. Qf4 (44. gxf7 Qd7 $18)) 43... Qc7 (43... Qxb2 $14 44. Qg6 Qxc3) 44. Qg6 $16 {Qxg7+! would kill now.} Rxf7 45. Rxf7+ Qxf7 46. Qxd6+ Qe7 47. Qf4+ Bf6 (47... Ke8 $16) 48. Be4 Qe5 {[#]} 49. Qxe5 $1 Bxe5 $18 {[%mdl 4096] Endgame KB-KB} 50. Kg2 a5 51. Kf3 a4 52. Bc2 (52. h5 $18) 52... a3 $2 {[%mdl 8192]} (52... b5 $16 53. Bd3 b4 54. cxb4 Bxb2) 53. bxa3 {[%cal Bb2a3,Ba3a4][%mdl 32] White is clearly winning.} Bxc3 54. a4 Ke7 55. Ke4 Kf6 56. h5 (56. Bd3 $142 Bb4 57. h5) 56... Bb4 57. Kd4 b6 58. Kc4 Bd2 59. Kb5 Ke5 60. Kc6 Be3 61. d6 {[%cal Bd5d6,Bd6d7][%mdl 32]} Bg5 62. d7 {Precision: White = 49%, Black = 23%.} 1-0

[Event "Continental-ch Women America 2017"]
[Site "Villa Martelli"]
[Date "2017.09.06"]
[Round "2.3"]
[White "Alboredo, Julia"]
[Black "Arribas Robaina, Maritza"]
[Result "0-1"]
[WhiteElo "2120"]
[BlackElo "2273"]
[Annotator "TA"]
[PlyCount "70"]
[EventDate "2017.??.??"]
[EventType "swiss"]
[EventCountry "ARG"]
[SourceTitle "playchess.com"]
[Source "ChessBase"]
[SourceQuality "1"]

{[%evp 14,70,25,14,64,53,88,33,43,26,21,-6,0,-19,0,0,15,31,39,38,42,32,41,46,60,45,63,48,79,48,48,46,51,9,125,0,31,20,39,45,35,0,57,67,90,58,94,-40,-34,-78,-56,-711,-685,-993,-987,-984,-656,-643,-653]} 1. e4 e5 2. Nf3 d6 3. d4 exd4 4. Nxd4 Nf6 5. Nc3 Be7 6. Be2 O-O 7. O-O Re8 8. f4 {LiveBook: 258 Games} a6 {C41: Philidor Defence} (8... Bf8 9. Bf3 c5 10. Nde2 Nc6 11. f5 Ne5 12. Nf4 Bd7 13. Nfd5 Nxd5 14. Nxd5 Bc6 15. Bf4 b5 16. b3 a5 17. Qd2 a4 {1-0 (40) Sokolov,A (2520)-Naiditsch,A (2720) Montpellier 2015}) 9. Bf3 c5 10. Nb3 ({White should play} 10. Nf5 $16) 10... Nc6 {White is slightly better.} 11. Kh1 Be6 12. Nd5 $146 ({Find the theoretical novelty and annotate with similar games:} 12. Be3 Qc7 13. Nd5 Bxd5 14. exd5 {1-0 (67) Ibragimov,A (2422)-Yudin,A Novokuznetsk 1999}) 12... Bf8 13. a4 Rc8 14. c3 c4 15. Nxf6+ Qxf6 16. Nd4 Bd7 17. Be3 Qd8 18. Qd2 Na5 19. Qf2 g6 20. f5 Bg7 $1 21. Qg3 Be5 22. Bf4 Nc6 {[%cal Ba5c6,Bc6e5,Be5d3][%mdl 32]} 23. fxg6 hxg6 {[#]} (23... fxg6 $11 {remains equal.} 24. Bxe5 Nxe5) 24. Nc2 (24. Bh5 $1 $16) 24... Bxf4 25. Qxf4 Ne5 26. Ne3 Be6 27. Rad1 Qe7 (27... Nd3 $1 $11 28. Qg3 Rc5) 28. Qg3 $14 Rc5 29. Rd4 Kg7 30. Rfd1 (30. Be2 $16) 30... Nd3 $15 31. b4 {[#]} ({Don't go for} 31. Rxd6 $2 Rg5 $17) 31... Rg5 $1 {[%cal Rg5g3]} 32. Bg4 $2 {[%mdl 8192]} (32. Qxd6 $15 Nf2+ 33. Kg1 Qxd6 34. Rxd6 Nxd1 35. Nxd1) 32... Bxg4 $19 {Black is clearly winning.} 33. R1xd3 Be2 34. Nd5 cxd3 35. Nxe7 Rxg3 {Precision: White = 35%, Black = 35%.} 0-1

[Event "Continental-ch Women America 2017"]
[Site "Villa Martelli"]
[Date "2017.09.06"]
[Round "2.4"]
[White "Palomares, Lujan"]
[Black "Chumpitaz, Ann"]
[Result "0-1"]
[WhiteElo "1259"]
[BlackElo "2225"]
[Annotator "TA"]
[PlyCount "94"]
[EventDate "2017.??.??"]
[EventType "swiss"]
[EventCountry "ARG"]
[SourceTitle "playchess.com"]
[Source "ChessBase"]
[SourceQuality "1"]

{[%evp 15,93,0,0,0,12,0,0,6,-8,-11,-12,-35,14,-34,-12,-12,-18,-16,-3,-112,-105,-138,-133,-150,-144,-387,-395,-423,-417,-407,-423,-407,-382,-367,-390,-415,-351,-377,-372,-375,-312,-335,-293,-372,-381,-473,-469,-486,-484,-468,-465,-700,-683,-620,-549,-700,-697,-688,-685,-658,-640,-12844,-718,-12844,-12843,-12844,-725,-12845,-12844,-12845,-12835,-12843,-12836,-12845,-12844,-29987,-29988,-29994,-29995,-29999]} 1. e4 c5 2. Nf3 g6 3. d4 Bg7 4. Nc3 cxd4 5. Nxd4 Nc6 6. Nf3 Nf6 {B34: Sicilian: Accelerated Dragon with 5 Nc3: sidelines} 7. Be2 (7. Bc4 O-O 8. O-O d6 9. h3 b6 10. Bg5 Bb7 11. Re1 Rc8 12. Nd5 e6 13. Nc3 h6 14. Bh4 Ne7 15. Qe2 Nh5 16. Nd2 Nf4 17. Qf1 {0-1 (57) Beerdsen,T (2413)-Heberla,B (2556) Germany 2017}) 7... O-O 8. O-O d6 {LiveBook: 3 Games. The position is equal.} 9. Rb1 Bd7 10. Be3 $146 ({Predecessor:} 10. Bf4 Qa5 11. a3 Rac8 12. Qd2 Rfe8 13. Bd3 Nh5 14. Be3 a6 15. Rfe1 b5 {0-1 (46) Mueller,R (2255)-Knapp,C Germany 1992}) 10... Ng4 11. Bf4 Rc8 12. h3 Nge5 13. Nd5 Re8 14. c3 Nxf3+ 15. Bxf3 Ne5 16. Be2 Bc6 17. Re1 (17. f3 $11 {keeps the balance.}) 17... e6 $17 18. Bxe5 Bxe5 19. f4 Bg7 $36 {[%mdl 2048] Black has strong initiative.} 20. Bg4 $2 {[#]} (20. Nb4 $17) 20... h5 $19 ({Not} 20... exd5 21. Bxc8 Qxc8 22. exd5 $19) 21. Nb4 hxg4 22. Nxc6 Rxc6 ({Don't take} 22... bxc6 23. Qxg4 Qa5 24. a3 $19) 23. Qxg4 Qa5 24. a3 Rd8 25. Red1 Qh5 26. Qxh5 gxh5 27. Kf2 b5 28. Kf3 a5 29. Rbc1 Rdc8 30. g4 hxg4+ 31. hxg4 {[#]} b4 $1 32. axb4 axb4 33. f5 (33. g5 $142) 33... bxc3 34. bxc3 Bh6 35. Rc2 Rxc3+ 36. Rxc3 Rxc3+ {[%mdl 4096] Endgame KRB-KR} 37. Kg2 Bf4 38. Kg1 Rc2 39. Rf1 Be3+ 40. Kh1 Kg7 41. Re1 Bf4 42. Rf1 e5 43. Rd1 Kf6 44. Rxd6+ Kg5 45. Rd7 Kxg4 {Black mates.} 46. Rxf7 Kf3 {[%cal Rc2c1]} 47. f6 Rc1# {Precision: White =  8%, Black = 47%.} 0-1

[Event "Continental-ch Women America 2017"]
[Site "Villa Martelli"]
[Date "2017.09.06"]
[Round "2.5"]
[White "Fernandez, Maria Florencia"]
[Black "Vazquez Maccarini, Danitza"]
[Result "0-1"]
[WhiteElo "2199"]
[BlackElo "2173"]
[Annotator "TA"]
[PlyCount "118"]
[EventDate "2017.??.??"]
[EventType "swiss"]
[EventCountry "ARG"]
[SourceTitle "playchess.com"]
[Source "ChessBase"]
[SourceQuality "1"]

{[%evp 21,118,0,2,0,0,-12,-13,-17,24,18,22,0,7,0,-7,-38,-47,-45,-47,-56,-63,-62,-78,-108,-99,-102,-99,-135,-34,-44,34,39,45,0,26,16,52,16,0,-16,74,-186,-177,-250,-250,-237,-269,-265,-270,-304,-291,-405,-396,-374,-350,-328,-319,-317,-316,-309,-296,-308,-292,-301,-292,-277,-291,-284,-273,-275,-273,-269,-262,-245,-239,-256,-277,-497,-533,-481,-491,-604,-611,-1508,-1455,-12833,-12834,-12833,-5826,-12839,-12839,-12841,-12838,-12838,-12839,-12839,-12839,-12839,-12839]} 1. d4 Nf6 2. c4 e6 3. Nc3 Bb4 4. e3 O-O 5. Nge2 Re8 6. a3 Bf8 7. d5 d6 {E46: Nimzo-Indian: Rubinstein: 4 e3 0-0 5 Ne2 without early Bd3} (7... a5 8. Ng3 Na6 9. Bd3 Nc5 10. Bc2 exd5 11. cxd5 b5 12. O-O Bb7 13. Qd4 b4 14. axb4 axb4 15. Rxa8 Qxa8 16. Qxb4 Nxd5 {1-0 (57) Ipatov,A (2613)-Eljanov,P (2723) Dubai 2014}) 8. g3 Nbd7 9. Bg2 Ne5 10. b3 exd5 11. cxd5 Bg4 {LiveBook: 3 Games} 12. f4 (12. O-O {with more complications.} c6 13. f4 Ned7 14. dxc6 bxc6 15. Bxc6 Rc8 16. Bf3) 12... Ned7 {[%cal Be5d7,Bd7c5,Bc5b3][%mdl 32]} 13. h3 Bxe2 14. Qxe2 Nc5 (14... c6 $5) 15. Qc2 Qe7 $146 16. O-O Nfe4 $36 {[%mdl 2048] White is under pressure.} 17. Ne2 a5 {[%cal Ba7a5,Ba5a4][%mdl 32]} 18. Bb2 a4 19. b4 Nb3 20. Rae1 Ned2 21. e4 {With the idea Rf2.} Nxf1 22. Rxf1 c5 23. dxc6 bxc6 24. f5 f6 (24... Qa7+ $17 25. Kh2 c5) 25. Qxc6 $15 Rec8 (25... Qa7+ $15 26. Kh2 Kh8) 26. Qd5+ $14 Qf7 27. e5 fxe5 28. Qxf7+ Kxf7 29. Bxa8 Rxa8 30. Rf3 d5 (30... Nd2 $11 31. Rd3 Nc4) 31. Re3 $2 {[%mdl 8192] [#]} (31. Bxe5 $16 {keeps the pressure on. Hoping for Rd3.} Re8 32. Re3) 31... Nd2 $1 $19 {White must now prevent ...Nc4.} 32. Rd3 (32. Rc3 {was called for.}) 32... Nc4 33. Bc1 d4 34. g4 Rc8 35. Kf2 Be7 36. Kf3 Nd6 37. Rd1 Rc2 38. Rd2 Rxd2 39. Bxd2 {[%mdl 4096] Endgame KBN-KBN} Nc4 $1 {[%csl LRa3,LRd2]} 40. Bc1 d3 41. Nc3 d2 42. Bxd2 Nxd2+ 43. Ke3 Nc4+ 44. Ke4 Nxa3 45. Nxa4 Bxb4 46. Kxe5 Nc4+ 47. Kd4 Nd2 48. Ke3 Kf6 49. Nb2 $2 {[#]} (49. Kf4 {was necessary.}) 49... Kg5 {Black is clearly winning.} 50. Nd3 Bc3 51. Kf2 Kh4 52. Kg2 Ne4 53. Nf4 Ng5 54. Nd5 Be5 55. Nb6 Nxh3 56. Nd7 Bb2 57. Kf3 Ng5+ 58. Kf4 Bc1+ 59. Ke5 Kxg4 {Precision: White = 33%, Black = 76%.} 0-1